[Event "Eindhoven WLC op 15th"]
[Site "Eindhoven"]
[Date "2025.05.18"]
[Round "5"]
[White "Becx, Cesar"]
[Black "Glasbeek, Steven"]
[Result "1-0"]
[WhiteElo "2080"]
[BlackElo "1951"]
[PlyCount "60"]
[EventDate "2025.05.16"]
[EventType "swiss"]
[EventRounds "6"]
[EventCountry "NED"]
[SourceTitle "CB21_2025"]
[SourceDate "2025.05.21"]
[SourceVersion "1"]
[SourceVersionDate "2025.05.21"]
[SourceQuality "1"]

1. f4 g6 2. Nf3 Bg7 3. g3 d5 4. Bg2 Nf6 5. 0-0 0-0 6. d3 c5 7. c3 Nc6 8. Na3 Rb8 9. Ne5 Qc7 10. Qa4 Bd7 11. Nxd7 Qxd7 12. e4 dxe4 13. dxe4 e5 14. f5 Qd3 15. Bg5 Qe2 16. Qb5 Qxb5 17. Nxb5 Rbd8 18. fxg6 fxg6 19. Nc7 h6 20. Be3 Rd3 21. Bxc5 Rc8 22. Nd5 Nxd5 23. exd5 Na5 24. Be4 Rd2 25. Rf2 Nc4 26. Bxa7 b6 27. Bxb6 Rb8 28. Be3 Rdxb2 29. Rxb2 Rxb2 30. Bc1 Rb8 1-0

[Event "Eindhoven WLC op 15th"]
[Site "Eindhoven"]
[Date "2025.05.17"]
[Round "4"]
[White "Glasbeek, Steven"]
[Black "Faber, Hugo"]
[Result "1-0"]
[WhiteElo "1951"]
[BlackElo "2005"]
[PlyCount "63"]
[EventDate "2025.05.16"]
[EventType "swiss"]
[EventRounds "6"]
[EventCountry "NED"]
[SourceTitle "CB21_2025"]
[SourceDate "2025.05.21"]
[SourceVersion "1"]
[SourceVersionDate "2025.05.21"]
[SourceQuality "1"]

1. f4 Nf6 2. Nf3 g6 3. g3 Bg7 4. Bg2 d5 5. 0-0 0-0 6. d3 c6 7. h3 Nbd7 8. Qe1 Qb6+ 9. Kh2 Ne8 10. c3 e5 11. e4 dxe4 12. dxe4 Nd6 13. Qe2 Re8 14. Be3 Qc7 15. Nbd2 b6 16. Rad1 a5 17. b3 Ba6 18. c4 Rad8 19. Qf2 c5 20. f5 Bb7 21. Nh4 Nf8 22. f6 Bh8 23. g4 Ne6 24. g5 Qc8 25. Qg3 Nd4 26. Bxd4 cxd4 27. Rfe1 Qa8 28. a3 Re6 29. Bf3 h6 30. Bg4 hxg5 31. Bxe6 gxh4 32. Qxg6+ 1-0

[Event "Maastricht Limburg op-B 8th"]
[Site "Maastricht"]
[Date "2014.06.09"]
[Round "7"]
[White "Jansen, Ingeborg"]
[Black "Glasbeek, Steven"]
[Result "0-1"]
[WhiteElo "1842"]
[BlackElo "1847"]
[PlyCount "46"]
[EventDate "2014.06.06"]
[EventType "swiss"]
[EventRounds "7"]
[EventCountry "NED"]
[SourceTitle "EXT 2015"]
[Source "ChessBase"]
[SourceDate "2014.11.20"]
[SourceVersion "1"]
[SourceVersionDate "2014.11.20"]
[SourceQuality "1"]

1. e4 c5 2. Nf3 d6 3. d3 g6 4. g3 Bg7 5. Bg2 Nc6 6. Nbd2 e6 7. 0-0 Nge7 8. c3 b6 9. Re1 Ba6 10. d4 cxd4 11. cxd4 0-0 12. Qa4 Qc8 13. e5 Nf5 14. g4 b5 15. Qd1 Nfxd4 16. Nxd4 Nxd4 17. Bxa8 Qxa8 18. exd6 Bb7 19. Re3 f5 20. g5 f4 21. Rd3 Qd8 22. Qg4 Qxd6 23. Nb3 Qd5 0-1

[Event "Enschede op-A U18"]
[Site "Enschede"]
[Date "2009.08.03"]
[Round "1"]
[White "Glasbeek, Steven"]
[Black "Corbijn Van Willenswaard, Lars J"]
[Result "1-0"]
[WhiteElo "1866"]
[BlackElo "1301"]
[PlyCount "73"]
[EventDate "2009.08.03"]
[EventType "swiss"]
[EventRounds "9"]
[EventCountry "NED"]
[SourceTitle "CBM 132 Extra"]
[Source "ChessBase"]
[SourceDate "2009.11.03"]
[SourceVersion "1"]
[SourceVersionDate "2009.11.03"]
[SourceQuality "1"]

1. e4 c5 2. Nf3 d6 3. d4 cxd4 4. Nxd4 Nf6 5. Nc3 g6 6. Be3 Bg7 7. f3 0-0 8. Qd2 Nc6 9. Bc4 Bd7 10. 0-0-0 Na5 11. Bb3 Nxb3+ 12. cxb3 Qc7 13. Kb1 Rfc8 14. g4 a5 15. Rc1 Qb8 16. g5 Ne8 17. Nd5 Rxc1+ 18. Rxc1 Qd8 19. h4 Bh8 20. h5 Ng7 21. hxg6 hxg6 22. Ne2 Ne6 23. Bb6 Qe8 24. Bxa5 Bc6 25. Bc3 Bxc3 26. Nexc3 Qd7 27. Nb6 Qd8 28. Nxa8 Kf8 29. Rh1 Ke8 30. Rh8+ Nf8 31. Qd4 e5 32. Qa7 Ke7 33. Nb6 Ke6 34. a4 Qe7 35. Qa8 Bd5 36. Ncxd5 Nd7 37. Nc7# 1-0

[Event "Twente Young Master op-B"]
[Site "Twente"]
[Date "2007.08.10"]
[Round "8"]
[White "Van Vliet, Harry"]
[Black "Glasbeek, Steven"]
[Result "1-0"]
[WhiteElo "2083"]
[BlackElo "1653"]
[PlyCount "67"]
[EventDate "2007.08.06"]
[EventType "swiss"]
[EventRounds "9"]
[EventCountry "NED"]
[SourceTitle "EXT 2008"]
[Source "ChessBase"]
[SourceDate "2007.11.25"]
[SourceVersion "1"]
[SourceVersionDate "2007.11.25"]
[SourceQuality "1"]

1. d4 Nf6 2. c4 g6 3. Nc3 d5 4. Bf4 Bg7 5. Rc1 c6 6. e3 0-0 7. Bd3 Re8 8. Nf3 a5 9. h3 Na6 10. 0-0 Nb4 11. Be2 h6 12. a3 Na6 13. cxd5 Nxd5 14. Bh2 Bf5 15. Re1 g5 16. Ne5 f6 17. Nd3 e5 18. Nxd5 cxd5 19. dxe5 fxe5 20. Nc5 Nxc5 21. Rxc5 Be6 22. Bh5 Re7 23. e4 Qb6 24. Qc1 Rf8 25. exd5 Bxd5 26. Rxd5 Qxf2+ 27. Kh1 Rc7 28. Qd2 Qh4 29. Bf3 g4 30. Bxg4 Rf2 31. Rd8+ Bf8 32. Be6+ Kh7 33. Qd3+ e4 34. Qg3 1-0

[Event "Hengelo U14 op"]
[Site "Hengelo"]
[Date "2005.08.12"]
[Round "8"]
[White "Glasbeek, Steven"]
[Black "Hollander, Roel"]
[Result "1-0"]
[WhiteElo "1376"]
[BlackElo "1435"]
[PlyCount "41"]
[EventDate "2005.08.??"]
[EventType "swiss"]
[EventRounds "9"]
[EventCountry "NED"]
[SourceTitle "CBM 107 Extra"]
[Source "ChessBase"]
[SourceDate "2005.09.01"]
[SourceVersion "1"]
[SourceVersionDate "2005.09.01"]
[SourceQuality "1"]

1. e4 c5 2. Nf3 d6 3. d4 cxd4 4. Nxd4 Nf6 5. Nc3 e6 6. Bc4 Be7 7. 0-0 0-0 8. Bg5 a6 9. f4 b5 10. Bd3 Qc7 11. Qf3 Bb7 12. Qh3 h6 13. Bxh6 gxh6 14. Qxh6 b4 15. Rf3 Nh7 16. e5 f5 17. Nxe6 Qb6+ 18. Kh1 Rf7 19. Qg6+ Kh8 20. Qxf7 Bf8 21. Bxf5 1-0